000 03475cam a22005414i 4500
003 PE-LiUPU
005 20250731184513.0
008 161212s2015 pe a rb 000 0 spa d
020 _a9972718441
020 _a9789972718441
035 _a(Sirsi) a165621
040 _aPE-LiUPU
_bspa
_cPE-LiUPU
_erda
049 _aPRUA
082 0 4 _a985.015
_bCH529
_220
245 _aChavín /
_ceditor, Peter Fux ; asesores científicos y colaboradores, Walter Alva ... [et al.].
250 _aPrimera edición.
264 1 _aLima :
_bAsociación Museo de Arte de Lima,
_c[2015].
300 _a412 páginas. :
_bilustraciones ;
_c28 centimetros.
336 _atext
_2rdacontent
337 _aunmediated
_2rdamedia
338 _avolume
_2rdacarrier
504 _aBibliografía : páginas 399_411
505 0 _aIntroducción -- El concepto de "sociedad compleja" en la arquelogía del nuevo mundo -- ¿Qué es Chavín? -- La arqueología del desierto costeño: oasis ribereños agricultura y cohesión ritual -- Intoducción -- Los primeros pobladores y las primeras sociedades en el litoral -- Procesos cilturales tempranos en los andes del sur -- Centros ceremoniales del periodo formativos en las regiones de la costa norte y central -- La historia cutural de la región Lambayeque durante el formativo -- Monumentalismo temprano en los andes centrales; los orígenes de la arquitectura monumental en el valle de la Casma -- La arqueología de la sierra: innovación y dinamismo -- Introduccón -- Ocupaciones tempranas post-pleistocénicas en la sierra de los andes centrales -- La diversidad de los centros ceremoniales tempranos en la sierra norte -- Chavín de Huántar: descubrimeinto, arte, arquitectura, ritual y transformación -- Introducción -- Narraciones e investigaciones en un sitio formativo de los andes cetrales: Chavín de Huantar -- El arte de Chavín: precursores y desarrollo temprano -- Arquitectura y espacio ritual en Chavín de Huántar -- Religión y autoridad en Chavín de Huántar -- Los rituales religiosos en Chavín y su importancia suprarregional -- Inspiración lejana: la periferia y el legado de las innovaciones del formativo -- Introducción -- El periodo formativo en el Ecuador -- Los Mochicas, herederos del periodo formativo de la costa norte, y el renacimiento de los antiguos dioses -- El legado del formativo: Nasca.
526 _aP136
526 _aP135
526 _aP134
526 _aP133
526 _aP144
526 _aP143
526 _aP87
526 _aP35
526 _aP20
526 _aP14
526 _aP10
526 _aP06
541 _g003-0047644;
650 0 4 _aChavín, Cultura
_vExhibiciones.
650 0 4 _aArqueología
_zPerú
_zAncash.
650 0 4 _aExcavaciones (Arqueología)
_zPerú
_zAncash.
700 1 _aAlva, Walter.
700 1 _aFux, Peter,
_eed.
710 2 _aMuseo de Arte de Lima.
910 _ajck
_bjos
_cjck
_d20161212
942 _2ddc
_cBOOK
949 _a985.015 CH529
_wDEWEY
_c1
_i75070
_lCATALOGING
_mBUL
_p54.00
_r0
_sY
_tBOOK
_u2016-12-12
_xSALUD
_PP33
_0COMPRA
_o.CIRCNOTE. El documento es de alto precio.
_o.STAFF.Colección Ingeniería y Arquitectura
596 _a1
999 _a985.015 CH529
_wDEWEY
_c14399
_i75070
_d14399
_e2017-5-26
_f2021-11-8
_g7
_lCCODEBUL1
_mBUL
_n2
_p54.00
_r0
_sY
_tBOOK
_u2016-12-12
_xBIBLIOTECA
_PP06
_0COMPRA
_o.STAFF. Colección Ingeniería y Arquitectura
980 _81
_gALBERTO SANCHEZ Responsable de Automatización